000 00426nam a2200181Ia 4500
005 20240823042544.0
008 240823s9999||||xx |||||||||||||| ||und||
041 _aENGLISH
082 _A621.8312 N6
100 _aNagoor Kani A
245 0 _aControl Systems
250 _a1st
260 _c2006
_b"RBA,Chennai"
500 _aTRANSFERED
650 _aElectronics
_bAerospace Engineering
942 _cBK
999 _c208146
_d208146